01106nam a2200229 a 450000100100000000500170001000800410002704000250006808200180009310000290011124500660014026000500020630000180025650000710027459000260034565100420037165100280041391000370044195201850047895201960066399900170085900003242820200930065633.0110718s1912 dr r 000 0 spa d aDO-SdBNPbspacBNPHU a972.93bL832c1 aLogroño, Arturo95839010aCompendio didáctico de historia patria /cArturo Logroño. aSanto Domingo :bLa Cuna de América,c1912. a1v. ;c19 cm. aIncluye referencias bibliográficas y notas al pie de las paginas aInventariado, 2018/BT 4aRepública DominicanaxHistoria9170 4aHaitíxHistoria98418 aValidado. Control de calidad MFF 001050718RVaPDbPDcHDd2011-07-18iLF1l0o972.93 L832cp32428-10r2020-06-25w2020-06-25y1zPerteneció a la biblioteca personal de Carlos Larrazábal BlancoZNo se presta 001050718RVaPDbPDcHDd2018-08-27iLF1l0o972.93 L832cp32428-20r2020-06-25te. 2w2020-06-25y1zPerteneció a la biblioteca personal de Juan Isidro Jiménez GrullónZNo se presta c31919d31919